La escuela del técnico mecánico / (Record no. 81063)

MARC details
000 -LEADER
campo de control de longitud fija 00853nam a2200241 i 4500
001 - NÚMERO DE CONTROL
campo de control 81063
003 - IDENTIFICADOR DE NÚMERO DE CONTROL
campo de control ES-MaACL
005 - FECHA Y HORA DE LA ÚLTIMA TRANSACCIÓN
campo de control 20230906174348.0
007 - CAMPO FIJO DE DESCRIPCIÓN FÍSICA--INFORMACIÓN GENERAL
campo de control de longitud fija t|
008 - DATOS DE LONGITUD FIJA--INFORMACIÓN GENERAL
campo de control de longitud fija 041102s1969 sp ||||1| spa d
100 1# - ENTRADA PRINCIPAL--NOMBRE DE PERSONA
Nombre de persona Holzt, Alfred.
9 (RLIN) 64102
245 13 - MENCIÓN DEL TÍTULO
Título La escuela del técnico mecánico /
Mención de responsabilidad, etc. iniciado por Karl Georg Weitael ; bajo la dirección de Alfred Holzt.
250 ## - MENCION DE EDICION
Mención de edición 3ª ed.
Resto de la mención de edición puesta al día por José Serrat y Bonastre.
260 ## - PUBLICACIÓN, DISTRIBUCIÓN, ETC.
Lugar de publicación, distribución, etc. Barcelona :
Nombre del editor, distribuidor, etc. Labor,
Fecha de publicación, distribución, etc. 1969.
300 ## - DESCRIPCIÓN FÍSICA
Extensión 1 v. :
Otras características físicas il. ;
Dimensiones 22 cm.
505 8# - NOTA DE CONTENIDO CON FORMATO
Nota de contenido con formato Contiene: T. VII: Calderas ; Máquinas de vapor / por Hugo Bèahr, O. Herre.
650 #4 - PUNTO DE ACCESO ADICIONAL DE MATERIA--TÉRMINO DE MATERIA
Término de materia o nombre geográfico como elemento de entrada Calderas de vapor.
9 (RLIN) 164125
700 1# - ENTRADA AGREGADA--NOMBRE PERSONAL
Nombre de persona Weitael, Karl Georg.
9 (RLIN) 116420
700 1# - ENTRADA AGREGADA--NOMBRE PERSONAL
Nombre de persona Serrat y Bonastre, José.
9 (RLIN) 105817
700 1# - ENTRADA AGREGADA--NOMBRE PERSONAL
Nombre de persona Bèahr, Hugo.
9 (RLIN) 126254
700 1# - ENTRADA AGREGADA--NOMBRE PERSONAL
Nombre de persona Herre, O.
9 (RLIN) 63176
852 ## - LOCALIZACIÓN
Ubicación ES-MaACL
Número de control de estantería P-1721
Sublocalización o colección R.70870
Holdings
Estatus retirado Estado de pérdida Estado de daño No para préstamo Biblioteca de origen Biblioteca actual Ubicación en estantería Fecha de adquisición Fuente de adquisición Total de préstamos Signatura topográfica completa Código de barras Visto por última vez Precio de reemplazo Tipo de ítem Koha
        Biblioteca del Ateneo de Madrid Biblioteca del Ateneo de Madrid Depósito 2 17/01/2008     P-1721 1084741 23/02/2023 23/02/2023 Libro impreso